<?xml version="1.0" encoding="UTF-8"?><?xml-stylesheet type="text/xsl" href="static/style.xsl"?><OAI-PMH xmlns="http://www.openarchives.org/OAI/2.0/" xmlns:xsi="http://www.w3.org/2001/XMLSchema-instance" xsi:schemaLocation="http://www.openarchives.org/OAI/2.0/ http://www.openarchives.org/OAI/2.0/OAI-PMH.xsd"><responseDate>2026-06-29T07:30:51Z</responseDate><request verb="GetRecord" identifier="oai:docta.ucm.es:20.500.14352/118186" metadataPrefix="marc">https://docta.ucm.es/rest/oai/request</request><GetRecord><record><header><identifier>oai:docta.ucm.es:20.500.14352/118186</identifier><datestamp>2025-05-06T10:11:44Z</datestamp><setSpec>com_20.500.14352_14</setSpec><setSpec>col_20.500.14352_15</setSpec></header><metadata><record xmlns="http://www.loc.gov/MARC21/slim" xmlns:dcterms="http://purl.org/dc/terms/" xmlns:xsi="http://www.w3.org/2001/XMLSchema-instance" xmlns:doc="http://www.lyncode.com/xoai" xsi:schemaLocation="http://www.loc.gov/MARC21/slim http://www.loc.gov/standards/marcxml/schema/MARC21slim.xsd">
   <leader>00925njm 22002777a 4500</leader>
   <datafield ind2=" " ind1=" " tag="042">
      <subfield code="a">dc</subfield>
   </datafield>
   <datafield ind2=" " ind1=" " tag="720">
      <subfield code="a">Santisteban Navarro, Juan Ignacio</subfield>
      <subfield code="e">author</subfield>
   </datafield>
   <datafield ind2=" " ind1=" " tag="720">
      <subfield code="a">Mediavilla López, Rosa María</subfield>
      <subfield code="e">author</subfield>
   </datafield>
   <datafield ind2=" " ind1=" " tag="720">
      <subfield code="a">Val Peón, Cristina</subfield>
      <subfield code="e">author</subfield>
   </datafield>
   <datafield ind2=" " ind1=" " tag="720">
      <subfield code="a">López Saez, José Antonio</subfield>
      <subfield code="e">author</subfield>
   </datafield>
   <datafield ind2=" " ind1=" " tag="720">
      <subfield code="a">Reicherter, Klaus</subfield>
      <subfield code="e">author</subfield>
   </datafield>
   <datafield ind2=" " ind1=" " tag="260">
      <subfield code="c">2025-03</subfield>
   </datafield>
   <datafield ind2=" " ind1=" " tag="520">
      <subfield code="a">Projections based on the Intergovernmental Panel on Climate Change scenarios predict a clear rise of the sea level in the near future, together with a decrease in frequency and magnitude of fluvial floods, which are one of the main sources of sediments for some coasts, as response to a decrease in rainfall.
We present a fluvial flood series for the last 17,000 yrs. obtained from cores retrieved in a former restricted embayment by using a multiproxy approach (geochemistry, sedimentology, stratigraphy, palynology), with sub-decadal time-resolution. Flood subfacies are defined by their siliciclastic and saline components. Time distribution reveals that fluvial floods controlled sedimentation rates. Comparison against other records of the Southern Iberian Peninsula allows to identify common periods. For the end of the Pleistocene, low frequency floods are associated to Meltwater Pulses or Heinrich events. During early Holocene, there is a noticeable increase in flood frequency, reaching their maximum at the Holocene Thermal Maximum. The mid- to late-Holocene is characterized by a flood frequency clearly lower than the early Holocene one, but higher than the late Pleistocene one.
Millennial scale changes in insolation controlled atmospheric moisture which, in turn, determined evolution of floods. Centennial scale changes in irradiance were responsible of shorter-term flood episodes over moisture changes.
These results do not fully agree with the expected evolution of floods under IPCC projected scenarios, so further research is needed to improve our knowledge about flood behaviour.</subfield>
   </datafield>
   <datafield ind1="8" ind2=" " tag="024">
      <subfield code="a">Santisteban, J. I., Mediavilla, R., Val-Peón, C., López-Sáez, J. A., &amp; Reicherter, K. (2025). High- vs. low-rate of sea level change fluvial floods: Past analogues for future forecast. Global and Planetary Change, 246, 104723</subfield>
   </datafield>
   <datafield ind1="8" ind2=" " tag="024">
      <subfield code="a">0921-8181</subfield>
   </datafield>
   <datafield ind1="8" ind2=" " tag="024">
      <subfield code="a">10.1016/j.gloplacha.2025.104723</subfield>
   </datafield>
   <datafield ind1="8" ind2=" " tag="024">
      <subfield code="a">https://hdl.handle.net/20.500.14352/118186</subfield>
   </datafield>
   <datafield ind1="8" ind2=" " tag="024">
      <subfield code="a">1872-6364</subfield>
   </datafield>
   <datafield ind1="8" ind2=" " tag="024">
      <subfield code="a">https://doi.org/10.1016/j.gloplacha.2025.104723</subfield>
   </datafield>
   <datafield ind1="8" ind2=" " tag="024">
      <subfield code="a">https://www.sciencedirect.com/science/article/pii/S0921818125000323</subfield>
   </datafield>
   <datafield ind2="0" ind1="0" tag="245">
      <subfield code="a">High- vs. low-rate of sea level change fluvial floods: Past analogues for future forecast</subfield>
   </datafield>
</record></metadata></record></GetRecord></OAI-PMH>